History Quiz

Random History or Country Quiz

7 Wonders of The Ancient World Countries Quiz Stats

Quiz Updated Jul 27, 2016

Also try: Natural Wonders
Challenge
Share
Tweet
Embed
Score 0/7 Timer 01:00
0 Plays Today
Wonder Modern Country % Correct
Great Pyramid of GizaEgypt
99.5%
Lighthouse of AlexandriaEgypt
99.3%
Statue of Zeus Greece
97.7%
Colossus of RhodesGreece
97.6%
Hanging Gardens of BabylonIraq
83%
Temple of Artemis Turkey
75.8%
Mausoleum at HalicarnassusTurkey
75.7%

You're not logged in!

Compare scores with friends on all Sporcle quizzes.
Sign Up with Email
OR
Log In

You Might Also Like...

Show Comments

Extras

Top Quizzes Today


Score Distribution

Your Account Isn't Verified!

In order to create a playlist on Sporcle, you need to verify the email address you used during registration. Go to your Sporcle Settings to finish the process.